Clinical Hematology: theory and procedures (Record no. 4114)

MARC details
000 -LEADER
fixed length control field 00596nam a22002177a 4500
003 - CONTROL NUMBER IDENTIFIER
control field OSt
005 - DATE AND TIME OF LATEST TRANSACTION
control field 20160521133843.0
008 - FIXED-LENGTH DATA ELEMENTS--GENERAL INFORMATION
fixed length control field 160521b xxu||||| |||| 00| 0 eng d
020 ## - INTERNATIONAL STANDARD BOOK NUMBER
International Standard Book Number 0781750075
040 ## - CATALOGING SOURCE
Transcribing agency DNLM
082 ## - DEWEY DECIMAL CLASSIFICATION NUMBER
Classification number WH100 T845c 2004
100 ## - MAIN ENTRY--PERSONAL NAME
Personal name Turgeon, Mary L.
9 (RLIN) 3304
245 ## - TITLE STATEMENT
Title Clinical Hematology: theory and procedures
250 ## - EDITION STATEMENT
Edition statement 4th ed.
260 ## - PUBLICATION, DISTRIBUTION, ETC. (IMPRINT)
Place of publication, distribution, etc. Philadelphia; Lippincott, 2004
300 ## - PHYSICAL DESCRIPTION
Extent ix,570p; col.ill: 28cm
504 ## - BIBLIOGRAPHY, ETC. NOTE
Bibliography, etc Glossary, appendice, & index included
650 ## - SUBJECT ADDED ENTRY--TOPICAL TERM
Topical term or geographic name as entry element Hematology
9 (RLIN) 890
651 ## - SUBJECT ADDED ENTRY--GEOGRAPHIC NAME
Geographic name Laboratory diagnosis
9 (RLIN) 8879
942 ## - ADDED ENTRY ELEMENTS (KOHA)
Source of classification or shelving scheme Other/Generic Classification Scheme
Koha item type Open Shelf
Holdings
Withdrawn status Lost status Source of classification or shelving scheme Damaged status Not for loan Home library Current library Date acquired Source of acquisition Inventory number Total Checkouts Full call number Barcode Date last seen Koha item type
    Other/Generic Classification Scheme     MUST Main Library MUST Main Library 21/05/2016   11/33821   WH100 T845c 2004 2016-2052 21/05/2016 Open Shelf